Addison Rae - Paroles Headphones On - Statistiques

Statistiques générales
  • Ce quiz a été pris 25 fois
    22 depuis la dernière actualisation
  • Le résultat moyen est 304 sur 415
Statistiques - réponses
Hint Réponse % Correct
I
100%
(I
100%
my
95%
So
95%
to
95%
a
89%
(Ah)
89%
cigarette
89%
Refrain Guess
89%
guess
89%
headphones
89%
on
89%
on)
89%
Intro Put
89%
put
89%
the
89%
Pré-refrain You
89%
and
84%
better
84%
Every
84%
feel
84%
good
84%
make
84%
me
84%
Need
84%
your
84%
accept
79%
favorite
79%
gotta
79%
Listen
79%
(Listen
79%
pain
79%
song
79%
song)
79%
thing
79%
way
79%
Come
74%
in
74%
mom
74%
still
74%
been
68%
comes
68%
dad
68%
huh)
68%
love
68%
some
68%
things
68%
(Uh
68%
get
63%
Couplet Wish
63%
down
58%
forever
58%
last
58%
life
58%
meant
58%
up
58%
could've
53%
fix
53%
hair
53%
just
53%
Letting
53%
moment
53%
no
53%
what
53%
are
47%
aren't
47%
can't
47%
girl
47%
have
47%
it
47%
myself
47%
new
47%
tell
47%
already
42%
broken
42%
compare
42%
dolled
42%
rain
42%
Soaking
42%
surrender
42%
this
42%
through
42%
clear
37%
fun
37%
know
37%
Life's
37%
pulls
37%
reminder
37%
under
37%
enough
32%
has
32%
higher
32%
rip
32%
waters
32%
off
26%
fall
21%
highs
21%
Jealousy's
21%
makes
21%
tide,
21%
'til
21%
'Til
21%
Outro Gonna
16%
gonna
16%
as
11%
dance,
11%
dance
11%
lows
5%
wheels
5%
Aucun quiz correspondant
Distribution des résultats
% des personnes avec chaque résultat
Percentile par nombre de réponses
Votre historique - résultats
Vous n’avez pas pris ce quiz depuis la dernière actualisation